00646nam a2200205Ia 450000500170000000800410001702000180005804100120007608200170008810000250010524500960013025000120022626000620023830000190030065000270031965000240034665000260037065000210039670000230041720260429111935.0260429s9999||||xx |||||||||||||| ||und|| a9788173047268 aEnglish a291.095bRAY aRay, Himanshu Prabha 0aSacred landscapes in Asia : bshared traditions, multiple histories / cHimanshu Prabha Ray a1st ed. aNew Delhi : bManohar Publishers and Distributors,c2007. axi, 396 p.; hb a Asia-Cultural history a Pilgrimage studies a Religious landscapes aSacred geography a Vatsyayan, Kapila